Riešenie rozptylu exhalácii pre malé a stredné zdroje znečisťovania [CD-ROM]

Gespeichert in:
Bibliographische Detailangaben
1. Verfasser: Valovičová, Božena, 1985- (Verfasst von)
Weitere Verfasser: Malý, Stanislav, 1945- (xxx)
Format: Manuskript Buch
Sprache:Slowakisch
Veröffentlicht: Bratislava : STU v Bratislave SjF, 2009
Schlagworte:
Tags: Tag hinzufügen
Keine Tags, Fügen Sie das erste Tag hinzu!

MARC

LEADER 00000ntm a22000003a 4500
001 stu216000
005 20150617230107.5
008 101109s2009----xo------------------slo-d
040 |a STU  |b slo 
041 0 |a slo 
044 |a xo 
100 1 |a Valovičová, Božena,  |d 1985-  |4 aut  |u J  |T SjF Strojnícka fakulta  |X 13637  |U J  |Y 20  |7 A000013637 
242 0 0 |a Solution exhalácií dispersion for small and medium-sized sources of pollution  |y eng 
245 1 |a Riešenie rozptylu exhalácii pre malé a stredné zdroje znečisťovania [CD-ROM] 
260 |a Bratislava :  |b STU v Bratislave SjF,  |c 2009 
300 |a 76 s 
650 7 |a Suttonov vzorec  |2 stusub 
650 7 |a súčiniteľ difúzie  |2 stusub 
650 7 |a Sutton formula  |2 estusub 
700 1 |a Malý, Stanislav,  |d 1945-  |4 xxx  |u J0060  |U SjF Strojnícka fakulta  |T SjF Ústav tepelnej energetiky  |X 2420  |U J0060  |Y 805  |7 A000002420 
996 |b 284J037891  |c J*538/DP  |l JJSK  |s A  |a 24  |w stu216000_0001